| 000 | 00563nam a2200217 a 4500 | ||
|---|---|---|---|
| 999 |
_c5263 _d5263 |
||
| 001 | 5263 | ||
| 003 | BD-JhCC | ||
| 005 | 20171211184547.0 | ||
| 008 | 171211s19491967p |||| || | 000 0 eng d | ||
| 035 | _a(BD-JhCC)5263 | ||
| 040 |
_aBD-JhCC _dBD-JhCC |
||
| 041 | _aeng | ||
| 082 |
_a320 _bGETT 1967 |
||
| 100 | _aGettell, Raymond Garfield | ||
| 245 |
_aPolitical Science / _cRaymond Garfield Gettell, |
||
| 260 |
_aDacca : _bUniversity Book Depot, _c1967. |
||
| 300 |
_a483 p. : _c21 cm. |
||
| 650 | _aPolitical Science | ||
| 942 |
_2ddc _cBK |
||